000 01196nam a2200301 a 4500
003 AR-BaBNM
005 20251128203755.0
008 082120s2002 ||||||||||||||000 | spa||
040 _cAR-BaBNM
100 1 _aBalabanian, Norman
245 0 0 _aEnseñanza programada en la educación activa
250 _a1ª ed.
260 _aMéxico, D.F.
_bLibrería Carlos Césarman
_bPax
_bCentro Regional de Ayuda Técnica
_c1974
300 _a110 p.
_btablas, diagr.
490 0 _aPedagogía
500 _aEsta publicación ha sido preparada conjuntamente por la editorial y el Centro Regional de Ayuda Técnica, Agencia para el Desarrollo Internacional AID, Departamento de Estado del Gobierno de los Estados Unidos de América. El Centro es una organización dedi
500 _aILCE: INSTITUTO LATINOMARICANO DE LA COMUNICACION EDUCATIVA
504 _aBibliografía: p. 109-110
650 4 _aENSEÑANZA PROGRAMADA
650 4 _aFORMULACION DEL PROGRAMA
650 4 _aMETODOS DE ENSEÑANZA
650 4 _aTEORIAS DEL APRENDIZAJE
650 4 _aPROCESO DE APRENDIZAJE
650 4 _aEVALUACION DEL PROGRAMA
700 1 _aCarrera G., Constantino
_eprologuista
942 _cBK
998 _cSILVI
999 _c4885
_d4885